Eurodiversity : a business guide to managing difference /

Bibliographic Details
Main Author: Simons, George F.
Other Authors: Bos, Arjen, 1945-
Format: Book
Language:English
Published: Amsterdam ; Boston : Butterworth-Heinemann, [2002]
Series:Managing cultural differences series (Boston, Mass.)
Subjects:

MARC

Tag First Indicator Second Indicator Subfields
LEADER 00000cam a22000004a 4500
001 in00001697613
005 20151024171348.0
008 020215s2002 ne ab b 001 0 eng
010 |a  2002023024 
020 |a 0877193819 (hc : alk. paper) 
035 |a (OCoLC)ocm49226077 
040 |a DLC  |c DLC  |d TXA  |d UtOrBLW 
042 |a pcc 
043 |a e------ 
049 |a TXAM 
050 0 0 |a HD58.7  |b .S582 2002 
082 0 0 |a 658.3/008/094  |2 21 
100 1 |a Simons, George F. 
245 1 0 |a Eurodiversity :  |b a business guide to managing difference /  |c George F. Simons ; with contributions by Arjen Bos [and others]. 
264 1 |a Amsterdam ;  |a Boston :  |b Butterworth-Heinemann,  |c [2002] 
264 4 |c ©2002 
300 |a xxiii, 355 pages :  |b illustrations, map ;  |c 24 cm. 
336 |a text  |b txt  |2 rdacontent 
337 |a unmediated  |b n  |2 rdamedia 
338 |a volume  |b nc  |2 rdacarrier 
490 1 |a Managing cultural differences series 
504 |a Includes bibliographical references (pages 276-305) and index. 
650 0 |a Corporate culture  |z European Union countries  |v Cross-cultural studies. 
650 0 |a Management  |z European Union countries  |v Cross-cultural studies. 
650 0 |a Cultural pluralism  |z European Union countries  |v Cross-cultural studies. 
700 1 |a Bos, Arjen,  |d 1945- 
830 0 |a Managing cultural differences series (Boston, Mass.) 
994 |a E0  |b TXA 
948 |a cataloged  |b h  |c 2002/11/11  |d c  |e bwalker  |f 12:03:11 pm 
999 |a MARS 
999 f f |s 9b48dbcb-104e-338b-9621-6c41404d5d8f  |i eaa09f55-f68f-3d6a-ad05-21f8a5bc06b4  |t 0 
952 f f |p ric  |a Texas A&M University  |b Rellis Campus  |c Joint Library Facility  |d Remote Storage  |t 0  |e HD58.7 .S582 2002  |h Library of Congress classification  |i unmediated -- volume  |m A14829413455 
998 f f |a HD58.7 .S582 2002  |t 0  |l Remote Storage